| 000 | 01180nam a2200337 i 4500 | ||
|---|---|---|---|
| 999 |
_c200452793 _d71005 |
||
| 003 | TR-AnTOB | ||
| 005 | 20230418153438.0 | ||
| 007 | ta | ||
| 008 | 990317t19951995tu a 000 0 tur d | ||
| 020 | _a9757238171 | ||
| 040 |
_aBGZ _beng _erda _cTR-AnTOB _dTR-AnTOB |
||
| 041 | 1 |
_atur _heng |
|
| 050 | 1 | 4 |
_aD767 _b.H6919 1995 |
| 090 |
_aD767 _b.H6919 1995 |
||
| 100 | 1 |
_aHoyt, Edwin P. _q(Edwin Palmer), _d1928-2005 _eauthor _9141513 |
|
| 240 | 1 | 0 |
_aJapan's war: the great Pacific conflict. _lTurkish. |
| 245 | 1 | 0 |
_aJaponya : _basker bir ulusun intiharı / _cEdwin P. Hoyt ; Türkçesi: Şerif Erol. |
| 250 | _aBirinci Baskı | ||
| 264 | 1 |
_aİstanbul : _bSabah Kitapları, _c1995. |
|
| 264 | 4 | _c©1995 | |
| 300 |
_aviii, 397 pages : _billustrations ; _c24 cm |
||
| 336 |
_atext _btxt _2rdacontent |
||
| 337 |
_aunmediated _bn _2rdamedia |
||
| 338 |
_avolume _bnc _2rdacarrier |
||
| 650 | 7 |
_aDünya Savaşı, 1939-1945 _xPropaganda _2etuturkob _928952 |
|
| 650 | 7 |
_aDünya Savaşı, 1939-1945 _zJaponya _2etuturkob _984970 |
|
| 651 | 7 |
_aJaponya _xTarih, Askeri _y1868- _2etuturkob _9141699 |
|
| 700 | 1 |
_aErol, Şerif _etranslator _9111026 |
|
| 942 |
_2lcc _cBK |
||